Magazines par indice - Statistiques

Statistiques générales
  • Ce quiz a été pris 10 fois
    8 depuis la dernière actualisation
  • Le résultat moyen est 7 sur 19
Statistiques - réponses
Par images Réponse % Correct
La Croix
86%
Marianne
86%
Métro
86%
Auto Moto
71%
Le Monde
71%
L'Equipe
71%
Libération
57%
Capital
43%
Elle
43%
Géo
43%
Le Nouveau Détective
29%
Première
29%
Courrier international
14%
Camping-car Magazine
0%
Echappement
0%
Famili
0%
Les Cahiers du Cinéma
0%
Nous Deux
0%
Télé Poche
0%
Aucun quiz correspondant
Distribution des résultats
% des personnes avec chaque résultat
Percentile par nombre de réponses
Votre historique - résultats
Vous n’avez pas pris ce quiz depuis la dernière actualisation